00178nam a2200073Ia 4500082001300000245003100013100001900044008004100063 aEKF STRA 0aA fête worse than death  a Strange, B. 210825s9999 xx 000 0 und d